आदिवासी अस्मिता और विकास : (Record no. 121296)

MARC details
000 -LEADER
fixed length control field 01283nam a22002537a 4500
005 - DATE AND TIME OF LATEST TRANSACTION
control field 20170124103210.0
010 ## - LIBRARY OF CONGRESS CONTROL NUMBER
LC control number A-974801
020 ## - INTERNATIONAL STANDARD BOOK NUMBER
Terms of availability 60.00
035 ## - SYSTEM CONTROL NUMBER
System control number A-974801
037 ## - SOURCE OF ACQUISITION
Source of stock number/acquisition Cen Lib/Ret
040 ## - CATALOGING SOURCE
Original cataloging agency DPL
Language of cataloging HN
082 ## - DEWEY DECIMAL CLASSIFICATION NUMBER
Classification number 307.772
Item number शक्लही
100 ## - MAIN ENTRY--PERSONAL NAME
Personal name शक्ल, हीरालाल
9 (RLIN) 96246
245 ## - TITLE STATEMENT
Title आदिवासी अस्मिता और विकास :
Statement of responsibility, etc हीरालाल शक्ल
Remainder of title मध्यप्रदेश के विशेष संदर्भ में /
246 ## - VARYING FORM OF TITLE
Title proper/short title Aadivasi asmita aur vikas : madhyapradesh ke vishesh sandarbh mein /
Remainder of title by Heeralal Shukla
260 ## - PUBLICATION, DISTRIBUTION, ETC. (IMPRINT)
Place of publication, distribution, etc भोपाल
Name of publisher, distributor, etc मध्यप्रदेश हिन्दी ग्रन्थ अकादमी
Date of publication, distribution, etc 1997
270 ## - ADDRESS
Address रवीन्द्रनाथ ठाकुर मार्ग, बानगंगा
City भोपाल
Postal code 462003
300 ## - PHYSICAL DESCRIPTION
Extent xx,358पृ. :
Dimensions 21सेमी(सजिल्द)
Other physical details सचित्र
650 ## - SUBJECT ADDED ENTRY--TOPICAL TERM
Topical term or geographic name as entry element आदिवासी संस्कृति
9 (RLIN) 1200
650 ## - SUBJECT ADDED ENTRY--TOPICAL TERM
Topical term or geographic name as entry element आदिवासी--मध्यप्रदेश
9 (RLIN) 96247
650 ## - SUBJECT ADDED ENTRY--TOPICAL TERM
Topical term or geographic name as entry element Tribal culture
9 (RLIN) 96248
650 ## - SUBJECT ADDED ENTRY--TOPICAL TERM
Topical term or geographic name as entry element Tribal--Madhya Pradesh
9 (RLIN) 96249
942 ## - ADDED ENTRY ELEMENTS (KOHA)
Source of classification or shelving scheme Dewey Decimal Classification
Koha item type Hindi Books
Classification part 307.772
Call number suffix शक्लही
Holdings
Withdrawn status Lost status Damaged status Not for loan Home library Current library Date acquired Source of acquisition Cost, normal purchase price Total Checkouts Total Renewals Full call number Barcode Date last seen Date checked out Copy number Cost, replacement price Price effective from Koha item type
        Central Library Central Library 05/10/2015 Cen Lib/Ret 60.00 4 2 307.772 शक्लही A-974801 08/11/2021 29/09/2021 1 60.00 05/10/2015 Hindi Books

© Delhi Public Library
Hit Counter
free hit counter